[Event "EOBCC 2020"]
[Site "Online"]
[Date "2020.12.18"]
[Round "2.102"]
[White "Balog, Imre"]
[Black "Hollan, Martin"]
[Result "1-0"]
[WhiteElo "2578"]
[BlackElo "2346"]
[PlyCount "119"]
[EventDate "2020.12.18"]
[EventType "tourn"]
[EventCountry "NET"]

1. d4 Nf6 2. Nf3 e6 3. g3 d5 4. Bg2 c5 5. O-O Nc6 6. c4 dxc4 7. Qa4 Bd7 8. dxc5 Bxc5 9. Qxc4 Qe7 10. Bg5 Bb6 11. Rd1 Rc8 12. Nc3 Ne5 13. Qb3 Neg4 14. e3 h6 15. Bxf6 Nxf6 16. Ne5 Bc6 17. Nxc6 bxc6 18. Na4 Nd5 19. e4 Rb8 20. Qc4 Nf6 21. Qxc6+ Kf8 22. Nxb6 Rxb6 23. Qa8+ Ne8 24. Rd2 g6 25. Rad1 Kg7 26. e5 Rb5 27. Rd7 Qc5 28. Qxa7 Qxa7 29. Rxa7 Rxe5 30. b4 Re2 31. a4 Nf6 32. b5 Rb2 33. Bh3 e5 34. Be6 Rf8 35. Re1 e4 36. Bc4 h5 37. Re2 Rb4 38. Ba2 Ng4 39. Re7 Rxa4 40. R7xe4 Ra3 41. b6 Nf6 42. Rb4 Raa8 43. b7 Rab8 44. Re7 Ng4 45. h3 Nh6 46. Rc7 Nf5 47. Kg2 Nd6 48. Rd7 Nf5 49. Bd5 h4 50. g4 Nh6 51. f4 Ng8 52. g5 Rbe8 53. Bxf7 Rxf7 54. Rxf7+ Kxf7 55. b8=Q Rxb8 56. Rxb8 Ne7 57. Kf3 Nf5 58. Rb7+ Kf8 59. Rb6 Kg8 60. Rxg6+ 1-0

[Event "EOBCC 2020"]
[Site "Online"]
[Date "2020.12.18"]
[Round "2.103"]
[White "Aleksandrov, Aleksej"]
[Black "Krayz, Alexander"]
[Result "1-0"]
[WhiteElo "2574"]
[BlackElo "2346"]
[PlyCount "77"]
[EventDate "2020.12.18"]
[EventType "tourn"]
[EventCountry "NET"]

1. d4 Nf6 2. c4 e6 3. Nc3 Bb4 4. e3 b6 5. Bd3 Bb7 6. Nf3 O-O 7. Bd2 d5 8. Rc1 c5 9. a3 Bxc3 10. Bxc3 Ne4 11. dxc5 Nxc3 12. Rxc3 bxc5 13. cxd5 Qxd5 14. Qc2 Nd7 15. Bxh7+ Kh8 16. Bd3 Qh5 17. Be2 Rac8 18. O-O Nf6 19. Rc4 Kg8 20. Rc1 Ng4 21. h3 Ne5 22. Nxe5 Qxe5 23. Qc3 Qg5 24. Bf1 Rfd8 25. a4 Rd5 26. b4 Rcd8 27. Rxc5 Rxc5 28. bxc5 Bc6 29. a5 Rb8 30. Qd4 g6 31. Qd6 Rc8 32. a6 Qf5 33. Qe7 Qe5 34. Qxa7 Qb2 35. Rd1 Bd5 36. Qb6 Qc2 37. Ra1 Rxc5 38. a7 Ba8 39. Qd8+ 1-0

[Event "EOBCC 2020"]
[Site "Online"]
[Date "2020.12.18"]
[Round "2.104"]
[White "Shohat, Yotam"]
[Black "Paichadze, Luka"]
[Result "0-1"]
[WhiteElo "2346"]
[BlackElo "2565"]
[PlyCount "62"]
[EventDate "2020.12.18"]
[EventType "tourn"]
[EventCountry "NET"]

1. e4 c6 2. d4 d5 3. exd5 cxd5 4. c4 Nf6 5. Nc3 Nc6 6. Nf3 Bg4 7. cxd5 Nxd5 8. Qb3 Bxf3 9. gxf3 Nb6 10. Be3 e6 11. Rg1 Qc7 12. Rc1 Qd7 13. Bb5 g6 14. Ne4 Be7 15. Bh6 Nd5 16. Bg7 Rg8 17. Be5 f5 18. Nc3 Kf7 19. Nxd5 exd5 20. Kf1 Rac8 21. Re1 a6 22. Bd3 Bf6 23. f4 Bxe5 24. dxe5 Nd4 25. Qb6 Ne6 26. Qb4 Rc7 27. Kg2 Rgc8 28. Kg3 d4 29. Qb3 Kg7 30. Kg2 Nxf4+ 31. Kh1 Qc6+ 0-1

[Event "EOBCC 2020"]
[Site "Online"]
[Date "2020.12.18"]
[Round "2.105"]
[White "Thybo, Jesper Sondergaard"]
[Black "Spitzl, Vinzent"]
[Result "1-0"]
[WhiteElo "2565"]
[BlackElo "2346"]
[PlyCount "71"]
[EventDate "2020.12.18"]
[EventType "tourn"]
[EventCountry "NET"]

1. Nf3 Nf6 2. c4 e6 3. Nc3 d5 4. e3 Be7 5. b3 O-O 6. Bb2 c5 7. cxd5 Nxd5 8. Qc2 Nc6 9. a3 b6 10. h4 h6 11. g4 e5 12. g5 h5 13. g6 Nxc3 14. Bxc3 fxg6 15. Qxg6 Rf6 16. Bc4+ Kh8 17. Qxh5+ Rh6 18. Qf7 Rf6 19. Ng5 Bg4 20. Qxf6 Bxf6 21. Nf7+ Kh7 22. Nxd8 Rxd8 23. Rg1 Bf3 24. Be2 Bd5 25. b4 c4 26. O-O-O b5 27. d3 e4 28. Bxf6 gxf6 29. dxe4 Bxe4 30. Rxd8 Nxd8 31. Rd1 Nf7 32. Rd7 Kg6 33. h5+ Kg7 34. h6+ Kg6 35. h7 Bf5 36. Rxf7 1-0

[Event "EOBCC 2020"]
[Site "Online"]
[Date "2020.12.18"]
[Round "2.106"]
[White "Solodovnichenko, Yuri"]
[Black "Grafl, Florian"]
[Result "1-0"]
[WhiteElo "2544"]
[BlackElo "2343"]
[PlyCount "103"]
[EventDate "2020.12.18"]
[EventType "tourn"]
[EventCountry "NET"]

1. e4 d5 2. exd5 Qxd5 3. Nc3 Qd6 4. d4 Nf6 5. Nf3 a6 6. g3 Bg4 7. Bg2 Nc6 8. O-O O-O-O 9. d5 Ne5 10. h3 Nxf3+ 11. Bxf3 Bxh3 12. Re1 e5 13. Bg5 Be7 14. Qe2 h6 15. Bxf6 gxf6 16. Ne4 Qb6 17. Bg4+ Bxg4 18. Qxg4+ Kb8 19. c4 h5 20. Qf5 h4 21. g4 Rdg8 22. Kh2 h3 23. Re2 Qd4 24. Rc1 Rh4 25. Rd2 Qb6 26. c5 Qb4 27. d6 cxd6 28. cxd6 Bxd6 29. a3 Qb3 30. Nxd6 Rhxg4 31. Rc8+ Ka7 32. Rxg8 Rxg8 33. Qe4 Rg2+ 34. Kh1 f5 35. Qc4 Qxc4 36. Nxc4 e4 37. Ne3 Rg5 38. Nd5 Rg2 39. Ne3 Rg5 40. Rd5 Rg6 41. Rxf5 Rb6 42. b4 Rc6 43. Kh2 Rc3 44. a4 Rb3 45. b5 Rb4 46. bxa6 Kxa6 47. a5 Rb5 48. Rxf7 Rxa5 49. Kxh3 Re5 50. Kg4 b5 51. Kf4 Re8 52. Nd5 1-0

[Event "EOBCC 2020"]
[Site "Online"]
[Date "2020.12.18"]
[Round "2.107"]
[White "Gubajdullin, Alexei"]
[Black "Stefansson, Hannes"]
[Result "0-1"]
[WhiteElo "2343"]
[BlackElo "2536"]
[PlyCount "162"]
[EventDate "2020.12.18"]
[EventType "tourn"]
[EventCountry "NET"]

1. d4 Nf6 2. Bf4 b6 3. e3 Bb7 4. Nf3 g6 5. Be2 Bg7 6. O-O O-O 7. h3 d6 8. a4 a5 9. Nc3 Ne4 10. Nb5 Nd7 11. Bh2 e5 12. c3 Re8 13. Qb3 c6 14. Na3 d5 15. Rad1 exd4 16. Nxd4 Ndc5 17. Qc2 Qe7 18. c4 Na6 19. cxd5 Nb4 20. Qb1 Nxd5 21. Bf3 Rac8 22. Nc4 Ba6 23. Bxe4 Bxc4 24. Bd3 Bxd3 25. Qxd3 Nb4 26. Qb3 Rcd8 27. Rc1 Qe4 28. Nf3 Rd3 29. Qc4 Qxc4 30. Rxc4 Bxb2 31. Bc7 b5 32. axb5 cxb5 33. Rc5 a4 34. Rxb5 Bc3 35. Be5 Rd5 36. Rxd5 Nxd5 37. Bxc3 Nxc3 38. Ra1 Ra8 39. Nd4 a3 40. Kf1 a2 41. Ke1 Rb8 42. Nc2 Rb1+ 43. Kd2 Ne4+ 44. Ke2 Rb2 45. Kd3 Nxf2+ 46. Kc3 Rb1 47. Rxa2 Rg1 48. Nd4 Rxg2 49. Kc4 Kg7 50. Nf3 Nd1 51. Rxg2 Nxe3+ 52. Kd3 Nxg2 53. Ke4 h6 54. Ne5 g5 55. Kf3 Nf4 56. Kg4 f6 57. Nd7 Ng6 58. Nc5 Ne7 59. h4 Kg6 60. hxg5 hxg5 61. Ne6 f5+ 62. Kf3 Nd5 63. Nf8+ Kh5 64. Ne6 g4+ 65. Kg3 f4+ 66. Kg2 Kh4 67. Nd4 Nf6 68. Kf2 Nd7 69. Nf5+ Kg5 70. Nd4 Ne5 71. Ne6+ Kf5 72. Ng7+ Kf6 73. Nh5+ Kg5 74. Ng7 g3+ 75. Kg2 Kg4 76. Ne6 f3+ 77. Kg1 Nd3 78. Nd4 Nf4 79. Nc2 Nh3+ 80. Kf1 g2+ 81. Ke1 g1=Q+ 0-1

[Event "EOBCC 2020"]
[Site "Online"]
[Date "2020.12.18"]
[Round "2.108"]
[White "Hayrapetyan, Hovik"]
[Black "Stukan, Martin"]
[Result "0-1"]
[WhiteElo "2488"]
[BlackElo "2342"]
[PlyCount "58"]
[EventDate "2020.12.18"]
[EventType "tourn"]
[EventCountry "NET"]

1. d4 Nf6 2. Nf3 d5 3. c4 e6 4. Nc3 dxc4 5. e3 a6 6. a4 c5 7. Bxc4 Nc6 8. O-O Be7 9. d5 exd5 10. Nxd5 O-O 11. Nxe7+ Qxe7 12. b3 Be6 13. Bb2 Bxc4 14. bxc4 Rfd8 15. Qb3 Nb4 16. Rad1 Ne4 17. h3 f6 18. Ba3 a5 19. Rxd8+ Rxd8 20. Rd1 Rxd1+ 21. Qxd1 Qd6 22. Qxd6 Nxd6 23. Nd2 Kf7 24. Kf1 Ke6 25. Ke2 b6 26. Bxb4 cxb4 27. Nb3 Nxc4 28. e4 Nb2 29. f4 Nxa4 0-1

[Event "EOBCC 2020"]
[Site "Online"]
[Date "2020.12.18"]
[Round "2.110"]
[White "Mazi, Leon"]
[Black "Roshka, Yevgeniy"]
[Result "0-1"]
[WhiteElo "2340"]
[BlackElo "2476"]
[PlyCount "124"]
[EventDate "2020.12.18"]
[EventType "tourn"]
[EventCountry "NET"]

1. e4 g6 2. d4 Bg7 3. Nc3 d6 4. Be3 a6 5. Qd2 Nd7 6. Nf3 b5 7. a3 Bb7 8. Bd3 e6 9. O-O h6 10. Rfe1 Ne7 11. a4 b4 12. Ne2 a5 13. c3 bxc3 14. bxc3 g5 15. h3 Ng6 16. Ng3 O-O 17. Nh5 Bh8 18. Nh2 Nf6 19. Nxf6+ Bxf6 20. Ng4 Bg7 21. f4 gxf4 22. Bxf4 h5 23. Nh2 Nxf4 24. Qxf4 e5 25. Qf2 exd4 26. cxd4 c5 27. Nf3 cxd4 28. Rab1 Rb8 29. Nxd4 Qg5 30. Nf5 Be5 31. Re3 Bc6 32. Rxb8 Rxb8 33. h4 Qf6 34. Qe2 Bxa4 35. Qxh5 Bd7 36. Rf3 Bxf5 37. Rxf5 Qe6 38. Rg5+ Kf8 39. Qe2 Rc8 40. Rf5 Rc1+ 41. Kf2 Qh6 42. g3 Bd4+ 43. Kg2 Rg1+ 44. Kh2 Qc1 45. Bc4 Rh1+ 46. Kg2 Qg1+ 47. Kf3 f6 48. Kg4 Qd1 49. Rxa5 Qxe2+ 50. Bxe2 Be5 51. Ra3 Rg1 52. Bc4 Kg7 53. Bd5 Kh6 54. Rb3 Rg2 55. Kh3 Rg1 56. Kh2 Rd1 57. Be6 Rd2+ 58. Kh3 Rc2 59. Bf5 Rc3 60. Rb7 Rxg3+ 61. Kh2 Rg7+ 62. Kh3 Rxb7 0-1

[Event "EOBCC 2020"]
[Site "Online"]
[Date "2020.12.18"]
[Round "2.111"]
[White "Iskusnyh, Sergei"]
[Black "Koelle, Tobias"]
[Result "0-1"]
[WhiteElo "2473"]
[BlackElo "2340"]
[PlyCount "94"]
[EventDate "2020.12.18"]
[EventType "tourn"]
[EventCountry "NET"]

1. d4 Nf6 2. c4 c5 3. d5 a6 4. Qc2 e6 5. e4 d6 6. Nf3 exd5 7. exd5 g6 8. b3 Bg7 9. Bb2 O-O 10. Be2 Bf5 11. Qd1 Ne4 12. Bxg7 Kxg7 13. a4 Qf6 14. Ra2 Nd7 15. O-O Rfe8 16. Nfd2 Nxd2 17. Qxd2 h5 18. Nc3 Ne5 19. Raa1 Re7 20. Rfe1 Rae8 21. Bf1 Qh4 22. Re3 Ng4 23. Rh3 Qf6 24. Rf3 Qe5 25. g3 Qf6 26. h3 Ne5 27. Re3 g5 28. Rae1 g4 29. hxg4 hxg4 30. Bg2 Rh8 31. Ne4 Bxe4 32. Rxe4 Qg6 33. Qc3 f6 34. a5 Rh5 35. Qd2 Re8 36. b4 cxb4 37. Qxb4 Reh8 38. Qxb7+ Qf7 39. Qxf7+ Kxf7 40. Rb1 Nf3+ 41. Kf1 Nd2+ 42. Ke2 Nxb1 43. Rxg4 Re5+ 44. Kd3 Rh2 45. Be4 Rxf2 46. Bg6+ Ke7 47. Rh4 Rd2# 0-1

[Event "EOBCC 2020"]
[Site "Online"]
[Date "2020.12.18"]
[Round "2.112"]
[White "Fernandez, Daniel Howard"]
[Black "Rieger, Robert"]
[Result "1-0"]
[WhiteElo "2466"]
[BlackElo "2326"]
[PlyCount "57"]
[EventDate "2020.12.18"]
[EventType "tourn"]
[EventCountry "NET"]

1. Nf3 Nf6 2. c4 c6 3. e3 d5 4. b4 Bg4 5. b5 e6 6. a4 Be7 7. Be2 O-O 8. O-O Nbd7 9. d4 dxc4 10. bxc6 bxc6 11. h3 Bh5 12. Na3 c5 13. Nxc4 Rc8 14. Ncd2 Nd5 15. Bb2 Bg6 16. Ne5 Nxe5 17. dxe5 Nb4 18. Bc3 Qb6 19. Nc4 Qb8 20. Qc1 Rfd8 21. Rd1 Qc7 22. Nd6 Rb8 23. Nb5 Qb6 24. a5 Qb7 25. Nd6 Qc6 26. Bf3 Nd5 27. a6 Rd7 28. Nb7 Qb5 29. Be1 1-0

[Event "EOBCC 2020"]
[Site "Online"]
[Date "2020.12.18"]
[Round "2.113"]
[White "Colbow, Collin"]
[Black "Nikolovski, Nikola"]
[Result "1-0"]
[WhiteElo "2339"]
[BlackElo "2454"]
[PlyCount "75"]
[EventDate "2020.12.18"]
[EventType "tourn"]
[EventCountry "NET"]

1. e4 c5 2. Nf3 d6 3. d4 cxd4 4. Nxd4 Nf6 5. Nc3 g6 6. Be3 Bg7 7. f3 O-O 8. Qd2 Nc6 9. g4 Be6 10. Nxe6 fxe6 11. O-O-O Ne5 12. Be2 Qc8 13. h4 Nc4 14. Bxc4 Qxc4 15. h5 Nd7 16. hxg6 hxg6 17. f4 Rac8 18. Qh2 Kf7 19. e5 d5 20. Rd4 Qc7 21. f5 Rh8 22. fxe6+ Kxe6 23. Qg2 Qxe5 24. Re1 Kf7 25. Rxd5 Qe6 26. Bd2 Qc6 27. Qf3+ Nf6 28. g5 Rh2 29. gxf6 Bxf6 30. Qe4 Kg7 31. Rg1 g5 32. Rdxg5+ Bxg5 33. Rxg5+ Kh8 34. Qe5+ Kh7 35. Qxh2+ Qh6 36. Rg7+ Kxg7 37. Qxh6+ Kf7 38. Qf4+ 1-0

[Event "EOBCC 2020"]
[Site "Online"]
[Date "2020.12.18"]
[Round "2.114"]
[White "Polivanov, Anatoliy"]
[Black "Marjanovic, Annamaria"]
[Result "0-1"]
[WhiteElo "2452"]
[BlackElo "2338"]
[PlyCount "86"]
[EventDate "2020.12.18"]
[EventType "tourn"]
[EventCountry "NET"]

1. e4 e6 2. d4 d5 3. e5 c5 4. c3 Nc6 5. Nf3 Bd7 6. Be2 Nge7 7. Na3 Ng6 8. Nc2 cxd4 9. cxd4 Be7 10. g3 O-O 11. h4 f6 12. h5 Nh8 13. exf6 Bxf6 14. O-O Nf7 15. Ne3 Qb6 16. Ng4 Bxd4 17. h6 Nxh6 18. Nxh6+ gxh6 19. Bxh6 Bg7 20. Bxg7 Kxg7 21. Qd2 Qd8 22. b4 a6 23. a4 Qf6 24. Ra3 Be8 25. Re3 Bg6 26. b5 axb5 27. axb5 Ne7 28. Ne5 Rad8 29. Ng4 Qg5 30. f4 Qf5 31. Qd4+ Rf6 32. Re5 Qc2 33. Nxf6 Kxf6 34. Rxd5+ Kf7 35. Rxd8 Qxe2 36. Qd2 Qxb5 37. Rd7 Be4 38. Re1 Bd5 39. Rd8 Qb6+ 40. Kh2 Qxd8 41. Qd4 Nf5 42. Qe5 Qf6 43. Qc7+ Ne7 0-1

[Event "EOBCC 2020"]
[Site "Online"]
[Date "2020.12.18"]
[Round "2.115"]
[White "Kusa, Jakub"]
[Black "Hirneise, Tobias"]
[Result "1-0"]
[WhiteElo "2336"]
[BlackElo "2452"]
[PlyCount "71"]
[EventDate "2020.12.18"]
[EventType "tourn"]
[EventCountry "NET"]

1. e4 c5 2. Nf3 d6 3. Bb5+ Bd7 4. Bxd7+ Nxd7 5. O-O Ngf6 6. Re1 Ne5 7. Nxe5 dxe5 8. b3 e6 9. Bb2 Nd7 10. Na3 a6 11. Nc4 Qc7 12. a4 Be7 13. a5 O-O 14. d3 Rae8 15. Qh5 f6 16. Re3 Rf7 17. Rae1 Nb8 18. Rh3 g6 19. Qg4 Bf8 20. Ree3 Nc6 21. Bc3 Nd4 22. Bxd4 exd4 23. Reg3 Rg7 24. Rh6 f5 25. Qf3 Bd6 26. Nxd6 Qxd6 27. h4 Rf8 28. h5 e5 29. hxg6 hxg6 30. Rgh3 f4 31. Qg4 Kf7 32. Rh7 Rfg8 33. Rxg7+ Rxg7 34. Rh8 Qe6 35. Rf8+ Ke7 36. Re8+ 1-0

[Event "EOBCC 2020"]
[Site "Online"]
[Date "2020.12.18"]
[Round "2.116"]
[White "Filip, Lucian-Ioan"]
[Black "Zhukova, Natalia"]
[Result "1/2-1/2"]
[WhiteElo "2442"]
[BlackElo "2336"]
[PlyCount "127"]
[EventDate "2020.12.18"]
[EventType "tourn"]
[EventCountry "NET"]

1. Nf3 d5 2. d4 Nf6 3. c4 e6 4. g3 c5 5. cxd5 exd5 6. Bg2 Nc6 7. O-O Be7 8. Be3 c4 9. b3 cxb3 10. axb3 O-O 11. Nc3 Ne4 12. Nxe4 dxe4 13. Ne5 f5 14. Nxc6 bxc6 15. Qc2 Bd7 16. Ra6 g5 17. Bd2 Qb8 18. f3 Qb5 19. Qc4+ Qxc4 20. bxc4 Bf6 21. e3 exf3 22. Bxf3 f4 23. Bxc6 Bxc6 24. Rxc6 a5 25. gxf4 gxf4 26. Rxf4 Bg7 27. Rg4 a4 28. Rc7 Rf7 29. Rxf7 Kxf7 30. Rf4+ Kg6 31. Rf2 a3 32. Rf1 a2 33. Ra1 Ra3 34. Kf2 Bf8 35. Ke2 Bh6 36. c5 Kf7 37. Kd1 Ke6 38. Kc2 Kd5 39. Kb2 Rd3 40. Kc2 Ra3 41. e4+ Kxe4 42. Bxh6 Kxd4 43. c6 Rc3+ 44. Kb2 Rxc6 45. Bg7+ Ke4 46. Rxa2 Rg6 47. Bc3 h5 48. Ra4+ Kf3 49. Rh4 Rg5 50. Bd2 Rf5 51. Kc2 Rd5 52. Bc3 Kg2 53. Bb4 Kf3 54. Be1 Kg2 55. Bg3 Kf3 56. Kc3 Kg2 57. Rd4 Rf5 58. Kd3 Ra5 59. Ke4 Rb5 60. Kf4 Kh3 61. Kf3 Rf5+ 62. Rf4 Rxf4+ 63. Bxf4 h4 64. Bd6 1/2-1/2

[Event "EOBCC 2020"]
[Site "Online"]
[Date "2020.12.18"]
[Round "2.117"]
[White "Mustafayev, Farid"]
[Black "Hess, Max"]
[Result "0-1"]
[WhiteElo "2334"]
[BlackElo "2430"]
[PlyCount "152"]
[EventDate "2020.12.18"]
[EventType "tourn"]
[EventCountry "NET"]

1. d4 Nf6 2. c4 g6 3. Nc3 Bg7 4. g3 O-O 5. Bg2 d6 6. Nf3 Nbd7 7. Bf4 c6 8. O-O Qa5 9. Qd2 e5 10. Bh6 Re8 11. Bxg7 Kxg7 12. e3 a6 13. a3 e4 14. Ne1 Qh5 15. Qe2 Qxe2 16. Nxe2 d5 17. cxd5 cxd5 18. Nc2 Nb6 19. b3 Bg4 20. Rfe1 Rac8 21. Rac1 Bxe2 22. Rxe2 Rc3 23. Rb1 Rec8 24. Ne1 Rc1 25. Reb2 R8c3 26. Kf1 Rxb1 27. Rxb1 Ne8 28. Ke2 Nd6 29. Kd2 Rc8 30. Bf1 f5 31. Rc1 Kf6 32. Rxc8 Nbxc8 33. Kc3 Ke6 34. Nc2 a5 35. b4 b6 36. Na1 axb4+ 37. Kxb4 Na7 38. Nb3 Nc6+ 39. Kc3 g5 40. Bh3 Kf6 41. Bf1 h5 42. Na1 f4 43. Nc2 Kf5 44. gxf4 gxf4 45. Bh3+ Kg5 46. Be6 Nb5+ 47. Kb2 Nc7 48. Bd7 Nb8 49. Bc8 f3 50. a4 Nc6 51. Kc3 Ne7 52. Bd7 Ng8 53. h3 Nf6 54. Bc8 Kh4 55. Kb4 Nfe8 56. Bd7 Ng7 57. a5 bxa5+ 58. Kc5 Nge6+ 59. Bxe6 Nxe6+ 60. Kxd5 Ng5 61. Ke5 Kxh3 62. Kf4 Ne6+ 63. Kxe4 Kg2 64. Ne1+ Kxf2 65. Nd3+ Ke2 66. d5 Nc5+ 67. Nxc5 f2 68. d6 f1=Q 69. d7 Qg2+ 70. Ke5 Qg5+ 71. Kd6 h4 72. Ne4 Qd8 73. Nc5 Kxe3 74. Ne6 Qb6+ 75. Ke7 h3 76. Nf4 Kxf4 0-1

[Event "EOBCC 2020"]
[Site "Online"]
[Date "2020.12.18"]
[Round "2.120"]
[White "Kosakowski, Jakub"]
[Black "Silich, Yahor"]
[Result "1-0"]
[WhiteElo "2431"]
[BlackElo "2330"]
[PlyCount "59"]
[EventDate "2020.12.18"]
[EventType "tourn"]
[EventCountry "NET"]

1. e4 c5 2. Nf3 Nc6 3. d4 cxd4 4. Nxd4 g6 5. c4 Bg7 6. Be3 Nf6 7. Nc3 O-O 8. Be2 d6 9. O-O Bd7 10. h3 a6 11. Rc1 Qb8 12. b3 Nxd4 13. Bxd4 b5 14. c5 Rc8 15. Bxf6 Bxf6 16. Nd5 Bg5 17. f4 Bh4 18. g3 Bf6 19. e5 dxe5 20. Nxf6+ exf6 21. Qxd7 Rd8 22. Qc6 exf4 23. Qxf6 Ra7 24. Qxf4 Qc8 25. Bg4 f5 26. Bf3 Qe6 27. c6 Rc8 28. Rfe1 Qf7 29. Qd4 Rac7 30. Bd5 1-0

[Event "EOBCC 2020"]
[Site "Online"]
[Date "2020.12.18"]
[Round "2.121"]
[White "Owczarzak, Jerzy"]
[Black "Matnadze, Ana"]
[Result "1-0"]
[WhiteElo "2326"]
[BlackElo "2421"]
[PlyCount "111"]
[EventDate "2020.12.18"]
[EventType "tourn"]
[EventCountry "NET"]

1. b4 e5 2. Bb2 d6 3. c4 a5 4. b5 Nf6 5. e3 Be7 6. Nf3 b6 7. d4 e4 8. Nfd2 Bb7 9. Nc3 O-O 10. g3 Re8 11. Bg2 Bf8 12. O-O Nbd7 13. Qc2 Qe7 14. a4 g6 15. Rac1 h5 16. h3 Bh6 17. Rfe1 Rac8 18. Qb1 Ba8 19. Ba3 c5 20. bxc6 Bxc6 21. Nb5 Bxb5 22. Qxb5 Qe6 23. Qb1 Qf5 24. Bxd6 Bg7 25. Qb5 Qe6 26. Ba3 Nf8 27. Rb1 N8d7 28. Rec1 Kh7 29. Rc2 Rb8 30. Rbc1 Nf8 31. Nb3 Qc8 32. d5 Qf5 33. Nd4 Qg5 34. Nc6 Rb7 35. d6 Qxb5 36. cxb5 Rd7 37. Rd1 Rc8 38. Rcd2 Ne6 39. Kf1 Ne8 40. Bxe4 Nc5 41. Bxc5 bxc5 42. f4 c4 43. Ne5 Bxe5 44. fxe5 c3 45. Rc2 f6 46. Bc6 Rdd8 47. Bxe8 fxe5 48. Bc6 Kg7 49. Rxc3 Rf8+ 50. Kg2 Rcd8 51. d7 h4 52. gxh4 Rh8 53. Kg3 e4 54. Rc4 Rh5 55. Rxe4 Re5 56. Rxe5 1-0

[Event "EOBCC 2020"]
[Site "Online"]
[Date "2020.12.18"]
[Round "2.122"]
[White "Efimov, Igor"]
[Black "Fontaine, Quentin"]
[Result "1-0"]
[WhiteElo "2416"]
[BlackElo "2324"]
[PlyCount "91"]
[EventDate "2020.12.18"]
[EventType "tourn"]
[EventCountry "NET"]

1. d4 Nf6 2. Bg5 d5 3. Nd2 c5 4. e3 Nc6 5. Ngf3 e6 6. c3 Bd6 7. Bd3 O-O 8. O-O b6 9. e4 dxe4 10. Nxe4 Be7 11. Nxf6+ Bxf6 12. Bxf6 Qxf6 13. Be4 Bb7 14. dxc5 bxc5 15. Qa4 Rfc8 16. Rfd1 Qe7 17. Rd2 Nb8 18. Rad1 Bc6 19. Qc4 g6 20. Ne5 Qc7 21. Nxc6 Nxc6 22. Qxc5 Rab8 23. g3 Ne5 24. Qxc7 Rxc7 25. Rd8+ Rxd8 26. Rxd8+ Kg7 27. Kg2 f5 28. Bc2 Nc4 29. Rb8 e5 30. Bd3 Nd2 31. Ba6 Kf6 32. Rb7 Rxb7 33. Bxb7 e4 34. a4 Ke5 35. h4 h6 36. Bc6 g5 37. hxg5 hxg5 38. b4 f4 39. gxf4+ gxf4 40. a5 Nc4 41. Bb5 Nd6 42. Ba6 Kd5 43. Kh3 f3 44. Kg3 Nf5+ 45. Kf4 Nd6 46. b5 1-0

[Event "EOBCC 2020"]
[Site "Online"]
[Date "2020.12.18"]
[Round "2.123"]
[White "Saraci, Nderim"]
[Black "Burkart, Patrick"]
[Result "1-0"]
[WhiteElo "2415"]
[BlackElo "2322"]
[PlyCount "63"]
[EventDate "2020.12.18"]
[EventType "tourn"]
[EventCountry "NET"]

1. d4 Nf6 2. Nf3 c5 3. dxc5 e6 4. g3 Bxc5 5. Bg2 d5 6. O-O O-O 7. a3 a6 8. b4 Ba7 9. Bb2 Nc6 10. Nbd2 b5 11. Nb3 Qe7 12. Qc1 e5 13. a4 Bf5 14. axb5 axb5 15. Na5 Nxb4 16. Nxe5 Bb6 17. Nac6 Nxc6 18. Nxc6 Qc7 19. Rxa8 Rxa8 20. Nb4 Qc4 21. Bxf6 Qxb4 22. Bxd5 Rc8 23. Ba1 Qc5 24. e4 Bg6 25. Bb3 h6 26. Qf4 Qg5 27. Qf3 Qh5 28. Qxh5 Bxh5 29. Kg2 Kf8 30. Re1 Rd8 31. Bc3 Rc8 32. Bb4+ 1-0

[Event "EOBCC 2020"]
[Site "Online"]
[Date "2020.12.18"]
[Round "2.124"]
[White "Leszko, Bence"]
[Black "Subelj, Jan"]
[Result "0-1"]
[WhiteElo "2321"]
[BlackElo "2403"]
[PlyCount "84"]
[EventDate "2020.12.18"]
[EventType "tourn"]
[EventCountry "NET"]

1. e4 e5 2. Nf3 Nc6 3. Nc3 Nf6 4. a3 d5 5. Bb5 Nxe4 6. Qe2 Qd6 7. Nxe4 dxe4 8. Qxe4 Bd7 9. d4 f5 10. Qe2 e4 11. Bxc6 Bxc6 12. Ne5 Be7 13. Bf4 O-O 14. Ng6 Qxg6 15. O-O-O Bg5 16. g3 Bxf4+ 17. gxf4 Qg4 18. Qc4+ Kh8 19. Rhg1 Qxf4+ 20. Kb1 Rad8 21. d5 Be8 22. Rg3 Bg6 23. Re1 Qd6 24. h4 Qxd5 25. Qxc7 Qc6 26. Qe7 Qf6 27. Qb4 Qd4 28. Qe7 Qxf2 29. Reg1 Rfe8 30. Qg5 Qd2 31. Re3 Qd4 32. h5 Bf7 33. Reg3 Qf6 34. Qe3 f4 35. Qxa7 fxg3 36. h6 Qxh6 37. b3 e3 38. Rxg3 e2 39. Rg1 e1=Q+ 40. Rxe1 Rxe1+ 41. Ka2 Qc1 42. Qd4 Qb1# 0-1

[Event "EOBCC 2020"]
[Site "Online"]
[Date "2020.12.18"]
[Round "2.125"]
[White "Koellner, Ruben Gideon"]
[Black "Dworakowska, Joanna"]
[Result "0-1"]
[WhiteElo "2412"]
[BlackElo "2322"]
[PlyCount "88"]
[EventDate "2020.12.18"]
[EventType "tourn"]
[EventCountry "NET"]

1. d4 f5 2. Bg5 g6 3. Nc3 Nf6 4. e3 Bg7 5. h4 d6 6. h5 Nxh5 7. Rxh5 gxh5 8. Qxh5+ Kd7 9. Nd5 Qe8 10. Qh4 e6 11. Nf6+ Bxf6 12. Bxf6 Rf8 13. Nh3 Qf7 14. Bg5 Nc6 15. O-O-O a6 16. Nf4 b5 17. Nh5 Bb7 18. Be2 Kc8 19. Nf6 Nb4 20. a3 Nd5 21. Nxd5 Bxd5 22. Bh5 Qg7 23. Be2 Rg8 24. f4 Kb7 25. g3 Rac8 26. Bf1 c5 27. dxc5 Rxc5 28. Rd2 Rgc8 29. Bf6 Qf7 30. Bd4 R5c6 31. Be2 Be4 32. Bd3 Bxd3 33. Rxd3 Rxc2+ 34. Kb1 Rc1+ 35. Ka2 e5+ 36. b3 exd4 37. a4 R8c2+ 38. Ka3 Rc3 39. Rxd4 Qc7 40. Qf6 Qc5+ 41. Rb4 a5 42. Qf7+ Kb6 43. Kb2 R3c2+ 44. Ka3 Qxb4# 0-1

[Event "EOBCC 2020"]
[Site "Online"]
[Date "2020.12.18"]
[Round "2.126"]
[White "Nazaretyan, Tigran"]
[Black "Reimanis, Ritvars"]
[Result "0-1"]
[WhiteElo "2316"]
[BlackElo "2412"]
[PlyCount "110"]
[EventDate "2020.12.18"]
[EventType "tourn"]
[EventCountry "NET"]

1. d4 Nf6 2. c4 e6 3. Nf3 d5 4. Nc3 Be7 5. Bf4 O-O 6. e3 c6 7. h3 Nbd7 8. c5 b6 9. b4 a5 10. a3 Ba6 11. Bxa6 Rxa6 12. O-O Qa8 13. b5 cxb5 14. Nxb5 bxc5 15. Nc7 Qa7 16. Nxa6 Qxa6 17. dxc5 Nxc5 18. Qc2 a4 19. Nd4 h6 20. Rab1 Nd3 21. Nb5 Nxf4 22. exf4 Rc8 23. Qb2 Ne4 24. Rfc1 Rd8 25. Nc7 Qd6 26. g3 Qxa3 27. Qxa3 Bxa3 28. Rc6 Bf8 29. Kg2 a3 30. Ra6 Rc8 31. Rb7 Nc5 32. Rba7 Nxa6 33. Nxa6 Bd6 34. f5 a2 35. Nc7 Rxc7 36. Ra8+ Bf8 37. fxe6 fxe6 38. Rxa2 Kf7 39. h4 h5 40. Kf3 Kf6 41. Ra8 Rc3+ 42. Kg2 Bc5 43. Rh8 g6 44. f3 Rc2+ 45. Kh3 Bd6 46. f4 d4 47. Rd8 Ke7 48. Ra8 d3 49. Ra7+ Kf6 50. g4 hxg4+ 51. Kxg4 d2 52. Ra1 Rc1 53. Ra6 d1=Q+ 54. Kg3 Rc3+ 55. Kf2 Qd2+ 0-1

[Event "EOBCC 2020"]
[Site "Online"]
[Date "2020.12.18"]
[Round "2.127"]
[White "Ioannidis, Evgenios"]
[Black "Przybylski, Wojciech"]
[Result "1-0"]
[WhiteElo "2411"]
[BlackElo "2321"]
[PlyCount "93"]
[EventDate "2020.12.18"]
[EventType "tourn"]
[EventCountry "NET"]

1. d4 Nf6 2. c4 e6 3. Nc3 Bb4 4. g3 O-O 5. Bg2 d5 6. Nf3 c6 7. O-O Nbd7 8. Qc2 h6 9. a3 Be7 10. b3 b6 11. Bb2 Ba6 12. Rfd1 Rc8 13. Ne5 Nxe5 14. dxe5 Nd7 15. cxd5 cxd5 16. e4 d4 17. Rxd4 Qc7 18. Rad1 Nxe5 19. Qb1 Bc5 20. R4d2 Rfd8 21. Na4 Rxd2 22. Rxd2 Be7 23. Qd1 b5 24. Nc3 b4 25. Nb1 Bc5 26. h3 Bb5 27. Kh2 Ng6 28. Rc2 Qb8 29. Qc1 Qb6 30. axb4 Ne5 31. bxc5 Qc6 32. Bxe5 Bd3 33. Rc3 Bb5 34. Na3 Ba6 35. b4 Bb7 36. b5 Qe8 37. c6 Ba8 38. Bd6 Rd8 39. e5 Rc8 40. Nc4 Qd8 41. Qa3 a6 42. Qxa6 f6 43. Qb6 Qe8 44. Bc5 Rb8 45. Qa6 fxe5 46. c7 Rc8 47. Nd6 1-0